Инженерная графика: учебник для среднего профессионального образования

Detaylı Bibliyografya
Yazar: Пуйческу Ф. И. Федор Ильич
Diğer Yazarlar: Муравьев С. Н. Сергей Николаевич, Чванова Н. А. Нина Александровна
Özet:Учебник предназначен для изучения предмета "Инженерная графика" и является частью учебно-методического комплекта по дисциплинам общепрофессионального цикла для технических специальностей.Рассмотрен курс инженерной графики, готовящий студентов к выполнению и чтению чертежей и схем, составляющих основу современного производства.
Dil:Rusça
Baskı/Yayın Bilgisi: Москва, Академия, 2011
Seri Bilgileri:Среднее профессиональное образование. Общепрофессиональные дисциплины
Konular:
Materyal Türü: MixedMaterials Kitap
KOHA link:https://koha.lib.tpu.ru/cgi-bin/koha/opac-detail.pl?biblionumber=212805

MARC

LEADER 00000nam0a2200000 4500
001 212805
005 20231101225800.0
010 |a 9785769565359 
035 |a (RuTPU)RU\TPU\book\232495 
035 |a RU\TPU\book\228103 
090 |a 212805 
100 |a 20120402d2011 m y0rusy50 ca 
101 0 |a rus 
102 |a RU 
105 |a a j 001zy 
200 1 |a Инженерная графика  |e учебник для среднего профессионального образования  |f Ф. И. Пуйческу, С. Н. Муравьев, Н. А. Чванова 
210 |a Москва  |c Академия  |d 2011 
215 |a 336 с.  |c ил. 
225 1 |a Среднее профессиональное образование. Общепрофессиональные дисциплины 
320 |a Библиогр.: с. 319. 
330 |a Учебник предназначен для изучения предмета "Инженерная графика" и является частью учебно-методического комплекта по дисциплинам общепрофессионального цикла для технических специальностей.Рассмотрен курс инженерной графики, готовящий студентов к выполнению и чтению чертежей и схем, составляющих основу современного производства. 
606 1 |a Инженерная графика  |2 stltpush  |3 (RuTPU)RU\TPU\subj\39243  |9 59411 
610 1 |a геометрические построения 
610 1 |a чертежи 
610 1 |a графическое оформление 
610 1 |a изображения 
610 1 |a начертательная геометрия 
610 1 |a проекции 
610 1 |a преобразование 
610 1 |a ортогональные проекции 
610 1 |a аксонометрические проекции 
610 1 |a позиционные задачи 
610 1 |a решение 
610 1 |a каркасный способ 
610 1 |a машиностроительное черчение 
610 1 |a конструкторские документы 
610 1 |a резьбы 
610 1 |a соединения 
610 1 |a детали 
610 1 |a сборочные единицы 
610 1 |a схемы 
610 1 |a строительное черчение 
610 1 |a строительные чертежи 
610 1 |a здания 
610 1 |a планы 
610 1 |a разрезы 
610 1 |a фасады 
610 1 |a учебники 
675 |a 76:621(075.32)  |v 3 
700 1 |a Пуйческу  |b Ф. И.  |g Федор Ильич 
701 1 |a Муравьев  |b С. Н.  |g Сергей Николаевич 
701 1 |a Чванова  |b Н. А.  |g Нина Александровна 
801 1 |a RU  |b 63413507  |c 20120206 
801 2 |a RU  |b 63413507  |c 20150217  |g RCR 
900 |a Инженерная графика 
942 |c BK